000 00489nam a2200181Ia 4500
005 20250508161806.0
008 008 250505s9999 xx 000 0 eng d
037 _aTextual
040 _aFEDL
_beng
_cFEDL
041 _aeng
_2eng
084 _a529.7, HOO
_qFEDL
100 _aHood Peter
_9347898
245 0 _aHow time is measured
260 _aLondon, UK
_bOxford University Press
_c1955
300 _a64p.
942 _cTEXL
_h529.7, HOO
999 _c1372226
_d1372226